Numbers 200 - 220 [EVEN EDITION] - Statistics

General Stats
  • This quiz has been taken 30 times
    28 since last reset
  • The average score is 8 of 10
Answer Stats
Next to Number % Correct
201 202
100%
203 204
100%
205 206
100%
207 208
92%
209 210
92%
211 212
83%
213 214
75%
215 216
75%
217 218
67%
219 220
58%
No matching quizzes found
Score Distribution
Percent of People with Each Score
Percentile by Number Answered
Your Score History
You have not taken this quiz since the last reset